| 000 | 00494nam a22002057a 4500 | ||
|---|---|---|---|
| 001 | 25477 | ||
| 005 | 20260420171901.0 | ||
| 008 | 260420b |||||||| |||| 00| 0 spa d | ||
| 041 | _aESP | ||
| 082 |
_a985.4 _bV67 |
||
| 100 | _aVillegas Romero, Arturo | ||
| 245 | _aUn decenio de la historia de Arequipa 1830-1840 | ||
| 260 |
_a : _b , _c1985 |
||
| 300 |
_a515 páginas : _b ; _c21 cm. |
||
| 440 | _a ; | ||
| 650 | _aLYR | ||
| 654 | _aCHU | ||
| 700 | _a; | ||
| 942 |
_cLIB _dJUS _fJUS _n0 _2ddc |
||
| 999 |
_c25477 _d25477 |
||